000 01204nam a22003377a 4500
001 0054370
003 KOHA_MİRAKIL
005 20260207003943.0
007 ta
008 151229b1968 tu |||grd|||#0|||1|eng |
040 _aTR-BiSEU
_btur
_cTR-BiSEU
_erda
041 0 _aeng
044 _ctu
050 _aPL191
_b.R43 1968
240 1 0 _athe larger Redhouse portable dictionary : English-Turkish, Turkish-English.
_lİngilizce
245 0 _aRedhouse büyük elsözlüğü :
_bİngilizce-Türkçe, Türkçe-İngilizce =
_bthe larger Redhouse portable dictionary :
_bEnglish-Turkish, Turkish-English..
250 _a8th Edition
264 1 _aİstanbul :
_bSEV
_c1968
300 _a1292 sayfa ;
_c20 cm.
336 _ametin
_btxt
_2rdacontent
337 _aaracısız
_bn
_2rdamedia
338 _acilt
_bnc
_2rdacarrier
650 0 _aSözlükler, Birçok dilde.
_951956
650 0 _aDictionaries, Polyglot.
_927610
650 0 _aTurkish language--Dictionaries--English.
_93196
650 0 _aEnglish language--Dictionaries--Turkish.
_93195
650 0 _aTürk dili--Sözlükler--İngilizce.
_91708
650 0 _aİngiliz dili--Sözlükler--Türkçe.
_93194
907 _aSözlük
942 _2lcc
_cBK
999 _c54179
_d54179